| 000 | 00382cam a2200169ua 4500 | ||
|---|---|---|---|
| 001 | 12432 | ||
| 008 | 120119n1997 II |||gr||||Z||||||eng | ||
| 040 | _aMAIN | ||
| 041 | _aEnglish | ||
| 082 | _a532.5 SWA | ||
| 100 | _aSWARUP, SHANTI. | ||
| 245 | _aHYDRODYNAMICS | ||
| 250 | _a12TH. | ||
| 260 |
_aMEERUT _bKRISHNA PRAKASHAN MANDIR _c1997 |
||
| 300 |
_a535.: _c25CM. |
||
| 942 | _cBK | ||
| 999 |
_c12327 _d12327 |
||